Experimental modification of root morphogenesis in young hevea(Hevea brasiliensis) seedlings (Record no. 59112)

MARC details
000 -LEADER
fixed length control field 00482nam a2200169Ia 4500
100 ## - MAIN ENTRY--AUTHOR NAME
Personal name Le Roux Y
245 #0 - TITLE STATEMENT
Title Experimental modification of root morphogenesis in young hevea(Hevea brasiliensis) seedlings
260 ## - PUBLICATION, DISTRIBUTION, ETC. (IMPRINT)
Name of publisher Canadian Journal of Botany
Year of publication 2000
300 ## - PHYSICAL DESCRIPTION
Number of Pages 1460-1468
500 ## - GENERAL NOTE
General note Source Year: 2001
650 ## - SUBJECT ADDED ENTRY--TOPICAL TERM
Topical Term Hevea seedlings
650 ## - SUBJECT ADDED ENTRY--TOPICAL TERM
Topical Term Root morphogenesis
700 ## - ADDED ENTRY--PERSONAL NAME
Personal name Pages L
856 ## - ELECTRONIC LOCATION AND ACCESS
Uniform Resource Identifier CPA
942 ## - ADDED ENTRY ELEMENTS (KOHA)
Koha item type Journals
Holdings
Withdrawn status Lost status Damaged status Not for loan Home library Current library Shelving location Date acquired Serial Enumeration / chronology Koha item type
      Journals RRII Library RRII Library Botany 17/12/2021 Volume 78, Issue 11 Journals